Učitavanje...
A Hand Book of Human Resource Management Pratice
| Glavni autor: | |
|---|---|
| Format: | Printed Book |
| Jezik: | Undetermined English |
| Izdano: |
London
Kogan Page
2006
|
| Izdanje: | 10 |
| Teme: |
| LEADER | 00590nam a2200193Ia 4500 | ||
|---|---|---|---|
| 008 | 140306s9999 xx 000 0 und d | ||
| 020 | |a 0749448512 | ||
| 041 | |a eng | ||
| 082 | |a 658.3 |b ARM/HU | ||
| 100 | |a Michael, Armstrong | ||
| 245 | |a A Hand Book of Human Resource Management Pratice | ||
| 250 | |a 10 | ||
| 260 | |a London |b Kogan Page |c 2006 | ||
| 300 | |a 982 | ||
| 365 | |b Rs. 995/- | ||
| 650 | |a Motivation | ||
| 942 | |2 ddc |c BK | ||
| 999 | |c 188114 |d 188114 | ||
| 952 | |0 0 |1 0 |2 ddc |4 0 |6 658_300000000000000_ARM_HU |7 0 |9 194254 |a KAUCBV |b KAUCBV |d 2011-01-07 |g 995.00 |o 658.3 ARM/HU |r 2014-03-22 |w 2014-03-22 |y BK | ||